Normal view
MARC view
- John D. and Catherine T. MacArthur Foundation series on digital media and learning.
Entry Uniform Title
001 - CONTROL NUMBER
- control field: 11370
003 - CONTROL NUMBER IDENTIFIER
- control field: NUST
005 - DATE AND TIME OF LATEST TRANSACTION
- control field: 20180702104533.0
008 - FIXED-LENGTH DATA ELEMENTS
- fixed length control field: 180702|| aca||aabn | a|a d
040 ## - CATALOGING SOURCE
- Original cataloging agency: NUST
- Transcribing agency: NUST
130 ## - HEADING--UNIFORM TITLE
- Uniform title: John D. and Catherine T. MacArthur Foundation series on digital media and learning.
670 ## - SOURCE DATA FOUND
- Source citation: Work cat.: (NUST)0: Hanging out, messing around, and geeking out :, c2010.
